Deadliest Wars 1900-Present - Statistics

General Stats
  • This quiz has been taken 170 times
  • The average score is 10 of 30
Answer Stats
Year Deaths Answer % Correct
1914 4 000 000 World War I
99%
1939 13 333 333 World War II
98%
1955 65 000 Vietnam War
92%
1950 500 000 Korean War
83%
1991 85 000 1991 Iraqi uprisings
70%
2004 50 625 Iraq War
70%
2013 48 750 War in Iraq
70%
1927 363 636 Chinese Civil War
43%
1996 250 000 First Congo War
41%
1998 500 000 Second Congo War
41%
2012 41 583 Syrian civil war
41%
1937 2 500 000 Second Sino-Japanese War
38%
1919 1 000 000 Russian Civil War
36%
1980 62 500 Iran–Iraq War
34%
1912 140 000 Balkan Wars
31%
1904 101 300 Russo-Japanese War
27%
2018 377 000 Yemeni Civil War
20%
1990 45 455 Second Sudanese Civil War
18%
1979 60 000 Soviet–Afghan War
18%
1900 50 000 Boxer Rebellion
15%
1967 333 333 Nigerian Civil War
11%
1910 100 000 Mexican Revolution
10%
1903 18 000 Philippine–American War
7%
2020 150 000 Tigray War
7%
1953 50 000 First Indochina War
5%
1971 300 000 Bangladesh Liberation War
3%
1977 60 000 Ogaden War
2%
1923 18 000 Rif War
2%
1902 40 000 Thousand Days' War
1%
1911 220 000 1911 Revolution
0%
No matching quizzes found
Score Distribution
Percent of People with Each Score
Percentile by Number Answered
Your Score History
You have not taken this quiz